<?xml version="1.0" encoding="UTF-8"?>
<record
    xmlns:xsi="http://www.w3.org/2001/XMLSchema-instance"
    xsi:schemaLocation="http://www.loc.gov/MARC21/slim http://www.loc.gov/standards/marcxml/schema/MARC21slim.xsd"
    xmlns="http://www.loc.gov/MARC21/slim">

  <leader>02513nam0a2200469 i 4500</leader>
  <controlfield tag="001">RU\NLR\BIBL_A\010189250</controlfield>
  <controlfield tag="005">20260503054144.0</controlfield>
  <datafield tag="010" ind1=" " ind2=" ">
    <subfield code="a">9785446806614</subfield>
    <subfield code="9">500</subfield>
  </datafield>
  <datafield tag="021" ind1=" " ind2=" ">
    <subfield code="a">RU</subfield>
    <subfield code="b">2013-99810</subfield>
    <subfield code="9">6930</subfield>
  </datafield>
  <datafield tag="035" ind1=" " ind2=" ">
    <subfield code="a">(NILC)RuMoRGB-006711542</subfield>
  </datafield>
  <datafield tag="035" ind1=" " ind2=" ">
    <subfield code="a">(NLR Aleph) 010189250</subfield>
  </datafield>
  <datafield tag="090" ind1=" " ind2=" ">
    <subfield code="a">10189358</subfield>
    <subfield code="c">10189358</subfield>
  </datafield>
  <datafield tag="100" ind1=" " ind2=" ">
    <subfield code="a">20140211d2014    m  y0rusy50      ca</subfield>
  </datafield>
  <datafield tag="101" ind1="0" ind2=" ">
    <subfield code="a">rus</subfield>
  </datafield>
  <datafield tag="102" ind1=" " ind2=" ">
    <subfield code="a">RU</subfield>
  </datafield>
  <datafield tag="105" ind1=" " ind2=" ">
    <subfield code="a">a|||j|||000yy</subfield>
  </datafield>
  <datafield tag="200" ind1="1" ind2=" ">
    <subfield code="a">&#x41E;&#x445;&#x440;&#x430;&#x43D;&#x430; &#x43E;&#x43A;&#x440;&#x443;&#x436;&#x430;&#x44E;&#x449;&#x435;&#x439; &#x441;&#x440;&#x435;&#x434;&#x44B;</subfield>
    <subfield code="e">&#x443;&#x447;&#x435;&#x431;&#x43D;&#x438;&#x43A;</subfield>
    <subfield code="e">&#x434;&#x43B;&#x44F; &#x441;&#x442;&#x443;&#x434;&#x435;&#x43D;&#x442;&#x43E;&#x432; &#x432;&#x44B;&#x441;&#x448;&#x438;&#x445; &#x443;&#x447;&#x435;&#x431;&#x43D;&#x44B;&#x445; &#x437;&#x430;&#x432;&#x435;&#x434;&#x435;&#x43D;&#x438;&#x439;, &#x43E;&#x431;&#x443;&#x447;&#x430;&#x44E;&#x449;&#x438;&#x445;&#x441;&#x44F; &#x43F;&#x43E; &#x43D;&#x430;&#x43F;&#x440;&#x430;&#x432;&#x43B;&#x435;&#x43D;&#x438;&#x44E; "&#x42D;&#x43A;&#x43E;&#x43B;&#x43E;&#x433;&#x438;&#x44F; &#x438; &#x43F;&#x440;&#x438;&#x440;&#x43E;&#x434;&#x43E;&#x43F;&#x43E;&#x43B;&#x44C;&#x437;&#x43E;&#x432;&#x430;&#x43D;&#x438;&#x435;"</subfield>
    <subfield code="f">[&#x42F;. &#x414;. &#x412;&#x438;&#x448;&#x43D;&#x44F;&#x43A;&#x43E;&#x432;, &#x41F;.&#x412;. &#x417;&#x43E;&#x437;&#x443;&#x43B;&#x44F;, &#x410;.&#x412;. &#x417;&#x43E;&#x437;&#x443;&#x43B;&#x44F;, &#x421;.&#x41F;. &#x41A;&#x438;&#x441;&#x435;&#x43B;&#x435;&#x432;&#x430;]</subfield>
    <subfield code="g">&#x43F;&#x43E;&#x434; &#x440;&#x435;&#x434;. &#x42F;. &#x414;. &#x412;&#x438;&#x448;&#x43D;&#x44F;&#x43A;&#x43E;&#x432;&#x430;</subfield>
  </datafield>
  <datafield tag="205" ind1=" " ind2=" ">
    <subfield code="a">2-&#x435; &#x438;&#x437;&#x434;., &#x441;&#x442;&#x435;&#x440;.</subfield>
  </datafield>
  <datafield tag="210" ind1=" " ind2=" ">
    <subfield code="a">&#x41C;&#x43E;&#x441;&#x43A;&#x432;&#x430;</subfield>
    <subfield code="c">&#x410;&#x43A;&#x430;&#x434;&#x435;&#x43C;&#x438;&#x44F;</subfield>
    <subfield code="d">2014</subfield>
  </datafield>
  <datafield tag="215" ind1=" " ind2=" ">
    <subfield code="a">284, [1] &#x441;.</subfield>
    <subfield code="c">&#x438;&#x43B;.</subfield>
    <subfield code="d">22</subfield>
  </datafield>
  <datafield tag="225" ind1="1" ind2=" ">
    <subfield code="a">&#x412;&#x44B;&#x441;&#x448;&#x435;&#x435; &#x43E;&#x431;&#x440;&#x430;&#x437;&#x43E;&#x432;&#x430;&#x43D;&#x438;&#x435;</subfield>
  </datafield>
  <datafield tag="225" ind1="1" ind2=" ">
    <subfield code="a">&#x411;&#x430;&#x43A;&#x430;&#x43B;&#x430;&#x432;&#x440;&#x438;&#x430;&#x442;</subfield>
  </datafield>
  <datafield tag="225" ind1="1" ind2=" ">
    <subfield code="a">&#x423;&#x447;&#x435;&#x431;&#x43D;&#x438;&#x43A;</subfield>
  </datafield>
  <datafield tag="300" ind1=" " ind2=" ">
    <subfield code="a">&#x410;&#x432;&#x442;. &#x443;&#x43A;&#x430;&#x437;&#x430;&#x43D;&#x44B; &#x43D;&#x430; &#x43E;&#x431;&#x43E;&#x440;&#x43E;&#x442;&#x435; &#x442;&#x438;&#x442;. &#x43B;.</subfield>
  </datafield>
  <datafield tag="320" ind1=" " ind2=" ">
    <subfield code="a">&#x411;&#x438;&#x431;&#x43B;&#x438;&#x43E;&#x433;&#x440;.: &#x441;. 271-276</subfield>
  </datafield>
  <datafield tag="606" ind1=" " ind2=" ">
    <subfield code="a">&#x411;&#x438;&#x43E;&#x441;&#x444;&#x435;&#x440;&#x430;</subfield>
    <subfield code="j">&#x423;&#x447;&#x435;&#x431;&#x43D;&#x438;&#x43A;&#x438; &#x434;&#x43B;&#x44F; &#x432;&#x44B;&#x441;&#x448;&#x438;&#x445; &#x443;&#x447;&#x435;&#x431;&#x43D;&#x44B;&#x445; &#x437;&#x430;&#x432;&#x435;&#x434;&#x435;&#x43D;&#x438;&#x439;</subfield>
    <subfield code="x">&#x412;&#x43B;&#x438;&#x44F;&#x43D;&#x438;&#x435; &#x430;&#x43D;&#x442;&#x440;&#x43E;&#x43F;&#x438;&#x447;&#x435;&#x441;&#x43A;&#x438;&#x445; &#x444;&#x430;&#x43A;&#x442;&#x43E;&#x440;&#x43E;&#x432;</subfield>
    <subfield code="9">2231258</subfield>
    <subfield code="3">RU\NLR\AUTH\661339219</subfield>
  </datafield>
  <datafield tag="606" ind1=" " ind2=" ">
    <subfield code="a">&#x41E;&#x43A;&#x440;&#x443;&#x436;&#x430;&#x44E;&#x449;&#x430;&#x44F; &#x441;&#x440;&#x435;&#x434;&#x430;</subfield>
    <subfield code="x">&#x412;&#x43B;&#x438;&#x44F;&#x43D;&#x438;&#x435; &#x430;&#x43D;&#x442;&#x440;&#x43E;&#x43F;&#x438;&#x447;&#x435;&#x441;&#x43A;&#x438;&#x445; &#x444;&#x430;&#x43A;&#x442;&#x43E;&#x440;&#x43E;&#x432;</subfield>
    <subfield code="9">1252126</subfield>
    <subfield code="3">RU\NLR\AUTH\66512722</subfield>
  </datafield>
  <datafield tag="606" ind1="1" ind2=" ">
    <subfield code="a">&#x41E;&#x43A;&#x440;&#x443;&#x436;&#x430;&#x44E;&#x449;&#x430;&#x44F; &#x441;&#x440;&#x435;&#x434;&#x430;</subfield>
    <subfield code="j">&#x423;&#x447;&#x435;&#x431;&#x43D;&#x438;&#x43A;&#x438; &#x434;&#x43B;&#x44F; &#x432;&#x44B;&#x441;&#x448;&#x438;&#x445; &#x443;&#x447;&#x435;&#x431;&#x43D;&#x44B;&#x445; &#x437;&#x430;&#x432;&#x435;&#x434;&#x435;&#x43D;&#x438;&#x439;</subfield>
    <subfield code="x">&#x41E;&#x445;&#x440;&#x430;&#x43D;&#x430;</subfield>
    <subfield code="y">&#x420;&#x43E;&#x441;&#x441;&#x438;&#x439;&#x441;&#x43A;&#x430;&#x44F; &#x424;&#x435;&#x434;&#x435;&#x440;&#x430;&#x446;&#x438;&#x44F;</subfield>
    <subfield code="9">2098303</subfield>
    <subfield code="3">RU\NLR\AUTH\661269354</subfield>
  </datafield>
  <datafield tag="675" ind1=" " ind2=" ">
    <subfield code="a">502/504(075.8)</subfield>
  </datafield>
  <datafield tag="686" ind1="1" ind2=" ">
    <subfield code="a">&#x425;625.9&#x44F;73</subfield>
  </datafield>
  <datafield tag="686" ind1="1" ind2=" ">
    <subfield code="a">&#x415;081.4&#x44F;73-1</subfield>
  </datafield>
  <datafield tag="701" ind1=" " ind2="1">
    <subfield code="4">070</subfield>
    <subfield code="4">340</subfield>
    <subfield code="8">rus</subfield>
    <subfield code="7">ca</subfield>
    <subfield code="a">&#x412;&#x438;&#x448;&#x43D;&#x44F;&#x43A;&#x43E;&#x432;</subfield>
    <subfield code="b">&#x42F;. &#x414;.</subfield>
    <subfield code="g">&#x42F;&#x43A;&#x43E;&#x432; &#x414;&#x43C;&#x438;&#x442;&#x440;&#x438;&#x435;&#x432;&#x438;&#x447;</subfield>
    <subfield code="3">RU\NLR\AUTH\7754778</subfield>
    <subfield code="9">37710</subfield>
  </datafield>
  <datafield tag="701" ind1=" " ind2="1">
    <subfield code="a">&#x417;&#x43E;&#x437;&#x443;&#x43B;&#x44F;</subfield>
    <subfield code="b">&#x41F;. &#x412;.</subfield>
    <subfield code="g">&#x41F;&#x430;&#x432;&#x435;&#x43B; &#x412;&#x430;&#x43B;&#x435;&#x440;&#x44C;&#x435;&#x432;&#x438;&#x447;</subfield>
    <subfield code="3">RU\NLR\AUTH\770128633</subfield>
    <subfield code="9">128602</subfield>
  </datafield>
  <datafield tag="701" ind1=" " ind2="1">
    <subfield code="a">&#x417;&#x43E;&#x437;&#x443;&#x43B;&#x44F;</subfield>
    <subfield code="b">&#x410;. &#x412;.</subfield>
    <subfield code="g">&#x410;&#x43D;&#x442;&#x43E;&#x43D; &#x412;&#x430;&#x43B;&#x435;&#x440;&#x438;&#x435;&#x432;&#x438;&#x447;</subfield>
    <subfield code="3">RU\NLR\AUTH\770128631</subfield>
    <subfield code="9">128600</subfield>
  </datafield>
  <datafield tag="701" ind1=" " ind2="1">
    <subfield code="8">rus</subfield>
    <subfield code="7">ca</subfield>
    <subfield code="a">&#x41A;&#x438;&#x441;&#x435;&#x43B;&#x435;&#x432;&#x430;</subfield>
    <subfield code="b">&#x421;. &#x41F;.</subfield>
    <subfield code="c">&#x434;-&#x440; &#x44D;&#x43A;&#x43E;&#x43D;. &#x43D;&#x430;&#x443;&#x43A;</subfield>
    <subfield code="f">1979-</subfield>
    <subfield code="g">&#x421;&#x432;&#x435;&#x442;&#x43B;&#x430;&#x43D;&#x430; &#x41F;&#x435;&#x442;&#x440;&#x43E;&#x432;&#x43D;&#x430;</subfield>
    <subfield code="3">RU\NLR\AUTH\77108964</subfield>
    <subfield code="9">91889</subfield>
  </datafield>
  <datafield tag="801" ind1=" " ind2="0">
    <subfield code="a">RU</subfield>
    <subfield code="b">RuMoRKP</subfield>
    <subfield code="c">20130304</subfield>
    <subfield code="g">RCR</subfield>
  </datafield>
  <datafield tag="801" ind1=" " ind2="2">
    <subfield code="a">RU</subfield>
    <subfield code="b">&#x420;&#x413;&#x411;</subfield>
    <subfield code="c">20131217</subfield>
    <subfield code="g">rcr</subfield>
  </datafield>
  <datafield tag="801" ind1=" " ind2="1">
    <subfield code="a">RU</subfield>
    <subfield code="b">RuMoRKP</subfield>
    <subfield code="c">20130304</subfield>
    <subfield code="2">rusmarc</subfield>
  </datafield>
  <datafield tag="942" ind1=" " ind2=" ">
    <subfield code="c">BOOK</subfield>
  </datafield>
  <datafield tag="980" ind1=" " ind2=" ">
    <subfield code="a">NBR</subfield>
  </datafield>
</record>
